00288nam a2200121Ia 4500008004100000082001600041100001900057245003700076250000600113260002300119300000800142650001600150191201s2008 xx 000 0 und d a621.38bKEE aDAVIS, Bernard 0aElectronic Communication Systems a4 aN.DelhibTMHc2008 a763 aB.Tech(ECE)